| Tag |
First Indicator |
Second Indicator |
Subfields |
| LEADER |
00000cam a2200000 a 4500 |
| 001 |
in00001431821 |
| 005 |
20151020101034.0 |
| 008 |
980824s1998 fr a b i000 0 eng d |
| 020 |
|
|
|a 9264161023 (pbk.) :
|c 325.00F
|
| 035 |
|
|
|a (OCoLC)39736516
|
| 035 |
|
|
|9 AHS7176AM
|
| 040 |
|
|
|a YSM
|c YSM
|d TXA
|d UtOrBLW
|
| 049 |
|
|
|a TXAM
|
| 090 |
|
|
|a HD9999.B442
|b B56 1998
|
| 245 |
0 |
0 |
|a Biotechnology for clean industrial products and processes :
|b towards industrial sustainability.
|
| 264 |
|
1 |
|a Paris :
|b Organisation for Economic Co-operation and Development,
|c [1998]
|
| 264 |
|
4 |
|c ©1998
|
| 300 |
|
|
|a 200 pages :
|b illustrations ;
|c 27 cm.
|
| 336 |
|
|
|a text
|b txt
|2 rdacontent
|
| 337 |
|
|
|a unmediated
|b n
|2 rdamedia
|
| 338 |
|
|
|a volume
|b nc
|2 rdacarrier
|
| 500 |
|
|
|a "The report of an Ad Hoc Task Force of the OECD Working Party on Biotechnology"--Foreword.
|
| 500 |
|
|
|a Errata slip inserted.
|
| 504 |
|
|
|a Includes bibliographical references.
|
| 650 |
|
0 |
|a Biotechnology
|x Industrial applications.
|
| 650 |
|
0 |
|a Biotechnology industries.
|
| 710 |
2 |
|
|a OECD Working Party on Biotechnology.
|
| 948 |
|
|
|a c:dm
|
| 999 |
|
|
|a MARS
|
| 999 |
f |
f |
|s ff8e80f2-23b8-329b-be21-7c362c71d3fb
|i 71dde009-6510-3adc-a79d-a02f6be7302b
|t 0
|
| 952 |
f |
f |
|p ric
|a Texas A&M University
|b Rellis Campus
|c Joint Library Facility
|d Remote Storage
|t 0
|e HD9999.B442 B56 1998
|h Library of Congress classification
|i unmediated -- volume
|m A14823577714
|
| 998 |
f |
f |
|a HD9999.B442 B56 1998
|t 0
|l Remote Storage
|